All Chris Stapleton Songs - Statistics

General Stats
  • This quiz has been taken 181 times
    179 since last reset
  • The average score is 22 of 51
Answer Stats
Album Song % Correct
Traveller Traveller
91%
Starting Over Starting Over
89%
Traveller Tennessee Whiskey
87%
Starting Over Cold
72%
Starting Over Maggie's Song
71%
From a Room: Volume 2 Millionaire
71%
Single What Are You Listening To
62%
Traveller Parachute
61%
Traveller Whiskey and You
60%
Starting Over You Should Probably Leave
60%
From a Room: Volume 2 Scarecrow in the Garden
59%
From a Room: Volume 2 A Simple Song
58%
From a Room: Volume 2 Midnight Train to Memphis
56%
Starting Over Arkansas
55%
Starting Over Nashville, TN
55%
Traveller Daddy Doesn't Pray Anymore
52%
Traveller Outlaw State of Mind
51%
From a Room: Volume 1 Them Stems
50%
Traveller When the Stars Come Out
50%
From a Room: Volume 1 Death Row
49%
Starting Over Watch You Burn
46%
Starting Over Devil Always Made Me Think Twice
45%
Starting Over Hillbilly Blood
45%
Starting Over Whiskey Sunrise
45%
Traveller More of You
44%
From a Room: Volume 1 I Was Wrong
43%
Toy Story 4 (Soundtrack) The Ballad of the Lonesome Cowboy
42%
From a Room: Volume 1 Last Thing I Needed, First Thing This Morning
41%
From a Room: Volume 2 Drunkard's Prayer
40%
Restoration I Want Love
40%
Traveller Was It 26
40%
Starting Over Worry B Gone
40%
Traveller Fire Away
38%
From a Room: Volume 1 Broken Halos
36%
From a Room: Volume 2 Hard Livin'
31%
Starting Over Joy of My Life
31%
Traveller The Devil Named Music
31%
Traveller Sometimes I Cry
30%
From a Room: Volume 1 Second One to Know
27%
Traveller Nobody to Blame
26%
From a Room: Volume 2 Friendship
24%
From a Room: Volume 1 Either Way
21%
Starting Over Old Friends
18%
From a Room: Volume 1 Without Your Love
17%
Traveller Might as Well Get Stoned
15%
Southern Family You Are My Sunshine
15%
From a Room: Volume 2 Nobody's Lonely Tonight
13%
No.6 Collaborations Project Blow
12%
From a Room: Volume 1 Up to No Good Livin'
9%
Starting Over When I'm with You
8%
From a Room: Volume 2 Tryin' to Untangle My Mind
7%
No matching quizzes found
Score Distribution
Percent of People with Each Score
Percentile by Number Answered
Your Score History
You have not taken this quiz since the last reset